00413nam a2200121Ia 4500008004100000245011100041260002400152260000900176300000700185650002300192650001200215856006400227170516s9999 xx 000 0 und d aAltered Levels of Aroma and Volatiles by Metabolic Engineering of Shikimate Pathway Genes in Tomato Fruits bAIMS Bioengineering c2015 a:2 xMedical Technology xMedtech uhttp://www.aimspress.com/journal/Bioengineering/2015/2.html